Dawn on the coast / (Record no. 996)

MARC details
000 -LEADER
fixed length control field 01246cam a22003253a 4500
005 - DATE AND TIME OF LATEST TRANSACTION
control field 20230815150016.0
020 ## - INTERNATIONAL STANDARD BOOK NUMBER
International Standard Book Number 9780590439008
Qualifying information (pbk.)
020 ## - INTERNATIONAL STANDARD BOOK NUMBER
International Standard Book Number 0590439006
Qualifying information (pbk.)
020 ## - INTERNATIONAL STANDARD BOOK NUMBER
International Standard Book Number 9780590420075
020 ## - INTERNATIONAL STANDARD BOOK NUMBER
International Standard Book Number 0590420070
040 ## - CATALOGING SOURCE
Original cataloging agency KRL
Language of cataloging eng
Transcribing agency KRL
Modifying agency OCL
-- VYL
-- BGU
-- OCL
-- BTCTA
-- D8D
-- YDXCP
-- OCLCG
-- OCLCQ
-- OCLCA
-- OCLCF
-- COLBT
-- OCLCQ
-- OCLCO
-- OCL
-- OCLCQ
-- LKC
-- LNC
-- VBO
-- CCHGZ
-- DLC
050 00 - LIBRARY OF CONGRESS CALL NUMBER
Classification number PZ7.M3567585
082 ## - DEWEY DECIMAL CLASSIFICATION NUMBER
Classification number Fic
100 1# - MAIN ENTRY--PERSONAL NAME
Personal name Martin, Ann M.,
Dates associated with a name 1955-
245 10 - TITLE STATEMENT
Title Dawn on the coast /
Statement of responsibility, etc. Ann M. Martin.
260 ## - PUBLICATION, DISTRIBUTION, ETC.
Place of publication, distribution, etc. New York :
Name of publisher, distributor, etc. Scholastic,
Date of publication, distribution, etc. 1989.
300 ## - PHYSICAL DESCRIPTION
Extent 153 pages :
Dimensions 20 cm
490 1# - SERIES STATEMENT
Series statement The Baby-sitters Club ;
Volume/sequential designation Book 23
490 0# - SERIES STATEMENT
Series statement Apple paperback
500 ## - GENERAL NOTE
General note "An Apple paperback."
500 ## - GENERAL NOTE
General note "RL4"--Page 4 of cover.
505 ## - FORMATTED CONTENTS NOTE
Formatted contents note P <br/>
520 ## - SUMMARY, ETC.
Summary, etc. Since her parents' divorce, Dawn lives in Connecticut with her mother while her brother and father are in California, but after a week's vacation in sunny, healthy southern California, Dawn isn't sure she wants to return to the East Coast.
521 ## - TARGET AUDIENCE NOTE
Target audience note 640 <br/>
Source Lexile <br/>
521 ## - TARGET AUDIENCE NOTE
Target audience note P <br/>
Source Raz-plus <br/>
906 ## - LOCAL DATA ELEMENT F, LDF (RLIN)
a 7
b cbc
c copycat
d 2
e ncip
f 20
g y-genrareb
942 ## - ADDED ENTRY ELEMENTS (KOHA)
Source of classification or shelving scheme Dewey Decimal Classification
Koha item type Books
Suppress in OPAC No
999 ## -
-- 996
-- 996
Holdings
Withdrawn status Lost status Source of classification or shelving scheme Damaged status Not for loan Collection Home library Current library Shelving location Date acquired Total Checkouts Full call number Barcode Date last seen Date last checked out Price effective from Koha item type
    Dewey Decimal Classification     Fiction Footprints International School Library Network Toul Kork Campus Footprints International School Library Network Toul Kork Campus   07/18/2023 1 MAR Fic PZ7.M3567585 FISBK05211 12/12/2023 12/05/2023 07/18/2023 Books